header

The badlands of modernity (Record no. 172590)

MARC details
000 -LEADER
fixed length control field 01480nam a2200409Ia 4500
082 04 - DEWEY DECIMAL CLASSIFICATION NUMBER
Classification number 304.2
100 1# - MAIN ENTRY--AUTHOR NAME
Personal name Hetherington, Kevin.
245 14 - TITLE STATEMENT
Title The badlands of modernity
260 ## - PUBLICATION, DISTRIBUTION, ETC. (IMPRINT)
Place of publication London ;
-- New York :
Name of publisher Routledge,
Year of publication 1997.
300 ## - PHYSICAL DESCRIPTION
Number of Pages x, 164 p.
490 1# - SERIES STATEMENT
Series statement International library of sociology
650 #0 - SUBJECT ADDED ENTRY--TOPICAL TERM
Topical Term Utopias.
Topical Term Dystopias.
Topical Term Space (Architecture)
Topical Term Spatial behavior.
Topical Term Human territoriality.
Topical Term Human geography.
Topical Term Social psychology.
856 40 - ELECTRONIC LOCATION AND ACCESS
Uniform Resource Identifier http://site.ebrary.com/lib/rucke/Doc?id=10057263

No items available.

© 2026 Rongo University
Contact us: librarian | system librarian | Rongo university